Groupes de choses - Pays #1 - Statistiques

Statistiques générales
  • Ce quiz a été pris 6 981 fois
  • Le résultat moyen est 33 sur 45
Statistiques - réponses
Groupe Réponse % Correct
Pays comportant le mot "Guinée" Guinée
97%
Pays comportant le mot "Guinée" Guinée-Equatoriale
95%
Pays comportant le mot "Guinée" Guinée-Bissau
90%
Pays ayant fait partir de la Yougoslavie Kosovo
85%
Pays commençant par K Kosovo
85%
Pays comportant le mot "Guinée" Papouasie-Nouvelle-Guinée
84%
Pays ayant un territoire en Arctique Russie
84%
Pays ayant un territoire en Arctique Etats-Unis
83%
Pays commençant par K Kazakhstan
82%
Pays ayant fait partir de la Yougoslavie Serbie
82%
Pays ayant un territoire en Arctique Danemark
81%
Pays ayant un territoire en Arctique Canada
80%
Pays ayant fait partir de la Yougoslavie Croatie
80%
Pays sur la péninsule indochinoise Viêt Nam
79%
Pays ayant fait partir de la Yougoslavie Macédoine du Nord
77%
Noms de pays avec des points cardinaux Macédoine du Nord
77%
Pays ayant un territoire en Arctique Norvège
77%
Pays ayant un territoire en Arctique Suède
77%
Pays insulaires africains Madagascar
76%
Pays ayant fait partir de la Yougoslavie Slovenie
76%
Pays sur la péninsule indochinoise Thaïlande
76%
Pays ayant un territoire en Arctique Finlande
75%
Pays ayant fait partir de la Yougoslavie Bosnie-Herzégovine
74%
Pays sur la péninsule indochinoise Cambodge
74%
Pays sur la péninsule indochinoise Laos
74%
Pays ayant fait partir de la Yougoslavie Monténégro
74%
Pays commençant par K Kirghizistan
71%
Pays insulaires africains Cap Vert
69%
Noms de pays avec des points cardinaux Corée du Nord
68%
Noms de pays avec des points cardinaux Corée du Sud
68%
Pays ayant un territoire en Arctique Islande
68%
Pays commençant par K Kenya
68%
Pays sur la péninsule indochinoise Birmanie
63%
Pays commençant par K Koweït
62%
Pays insulaires africains Seychelles
62%
Noms de pays avec des points cardinaux Soudan du Sud
62%
Pays insulaires africains Comores
61%
Pays insulaires africains Maurice
61%
Noms de pays avec des points cardinaux Afrique du Sud
58%
Pays commençant par K Kiribati
58%
Pays sur la péninsule indochinoise Malaisie
58%
Pays enclavés stricto sensu Lesotho
57%
Pays enclavés stricto sensu Vatican
57%
Pays insulaires africains Sao Tomé-et-Principe
56%
Pays enclavés stricto sensu Saint-Marin
52%
Aucun quiz correspondant
Distribution des résultats
% des personnes avec chaque résultat
Percentile par nombre de réponses
Votre historique - résultats
Vous n’avez pas pris ce quiz